|
|
|
|
| LEADER |
00000nam0a2200000 4500 |
| 001 |
368825 |
| 005 |
20231102012124.0 |
| 035 |
|
|
|a (RuTPU)RU\TPU\retro\26207
|
| 090 |
|
|
|a 368825
|
| 100 |
|
|
|a 20220420d1979 m y0rusy50 ca
|
| 101 |
0 |
|
|a rus
|
| 102 |
|
|
|a RU
|
| 105 |
|
|
|a a j 001zy
|
| 200 |
1 |
|
|a Расчет теплообменника
|e учебное пособие
|f Ю. Ф. Карабанов
|g Ивановский государственный университет ; Ивановский энергетический институт
|
| 210 |
|
|
|a Иваново
|c [Б. и.]
|d 1979
|
| 215 |
|
|
|a 26 с.
|c ил.
|
| 320 |
|
|
|a Библиогр.: с. 26
|
| 606 |
1 |
|
|a Теплообменные аппараты
|x Теплотехника
|2 stltpush
|3 (RuTPU)RU\TPU\subj\31453
|9 54299
|
| 610 |
1 |
|
|a курсовые работы
|
| 610 |
1 |
|
|a выполнение
|
| 610 |
1 |
|
|a требования
|
| 610 |
1 |
|
|a теплообменники
|
| 610 |
1 |
|
|a расчет
|
| 610 |
1 |
|
|a конструкции
|
| 610 |
1 |
|
|a учебные пособия
|
| 675 |
|
|
|a 621.1.016.4(075.8)
|v 4
|
| 700 |
|
1 |
|a Карабанов
|b Ю. Ф.
|g Юрий Федорович
|
| 712 |
0 |
2 |
|a Ивановский государственный университет
|2 stltpush
|3 (RuTPU)RU\TPU\col\442
|9 23435
|
| 712 |
0 |
2 |
|a Ивановский энергетический институт
|c (1930-1992)
|2 stltpush
|3 (RuTPU)RU\TPU\col\6341
|9 24234
|
| 801 |
|
1 |
|a RU
|b 63413507
|c 20220420
|
| 942 |
|
|
|c BK
|